000
00311nam a22001337a 4500
008
170920b xxu||||| |||| 00| 0 eng d
020
_a
9781856695817
041
_a
eng
080
_a
7
100
_a
45
101
_a
ART
245
_a
TEXTILE DESIGNERS AT THE CUTTING EDGE
_c
QUINN.B
942
_2
udc
_c
BK
999
_c
28579
_d
28579